Musical Artists Who Wrote For Other Artists - Statistics

General Stats
  • This quiz has been taken 36 times
  • The average score is 8 of 16
Answer Stats
Songwriter % Correct
Prince
81%
Bruce Springsteen
65%
Paul McCartney & John Lennon
65%
Carole King
61%
Bob Dylan
58%
Harry Nilsson
55%
Neil Diamond
52%
David Bowie
48%
Willie Nelson
48%
Marvin Gaye
42%
Paul McCartney
42%
Ed Sheeran
35%
Lionel Richie
35%
Sia
35%
The Bee Gees
32%
Bruno Mars
13%
No matching quizzes found
Score Distribution
Percent of People with Each Score
Percentile by Number Answered
Your Score History
You have not taken this quiz